| 000 -LEADER |
| fixed length control field |
01780nam a22002177a 4500 |
| 008 - FIXED-LENGTH DATA ELEMENTS--GENERAL INFORMATION |
| fixed length control field |
250527b xxu||||| |||| 00| 0 eng d |
| 040 ## - CATALOGING SOURCE |
| Original cataloging agency |
cagayan State University |
| Description conventions |
RDA |
| 082 ## - DEWEY DECIMAL CLASSIFICATION NUMBER |
| Classification number |
791.4372 |
| Item number |
A643 |
| 245 ## - TITLE STATEMENT |
| Title |
Apocalypse Z: The Beginning of the End 2024 / directed by Carles Torrens ; produced by Adrián Guerra ; written by Ángel Agudo, Manel Loureiro. |
| 260 ## - PUBLICATION, DISTRIBUTION, ETC. (IMPRINT) |
| Place of publication, distribution, etc |
Spain : |
| Name of publisher, distributor, etc |
Amazon Prime Video, |
| Date of publication, distribution, etc |
2024. |
| 300 ## - PHYSICAL DESCRIPTION |
| Extent |
1 videofile, (ca. 118 mins.) : |
| Other physical details |
sound, color. |
| 520 ## - SUMMARY, ETC. |
| Summary, etc |
In Spain, the lawyer and manufacturer of a solar panels Manel and his beloved wife Julia visit his sister Belén and her family near Christmas. While returning home, they have a discussion and a subsequent car accident, where Julia dies. One year later, Manel is depressed and living alone with his cat Lúculo in Galicia. He does not pay attention to the outbreak of the TSJ virus in Europe, more lethal than Covid 19. The military husband of Belén, Mario, succeeds in being transferred with Belén and their little son Carlos, to the Canary Islands and they call Manel to join them. But the Spanish government closes the borders trying to contain the virus that turns people into violent zombies. Belén and Mario advise Manel to stay home and ignore the government shelters where the probability of infections is greater. But Manel has only a few supplies and soon he needs to loot supplies in the closed house, in the beginning of his fight to survive with Lúculo.—Claudio Carvalho, Rio de Janeiro, Brazil |
| 650 ## - SUBJECT ADDED ENTRY--TOPICAL TERM |
| Topical term or geographic name as entry element |
Action. |
| 650 ## - SUBJECT ADDED ENTRY--TOPICAL TERM |
| Topical term or geographic name as entry element |
Horror. |
| 700 ## - ADDED ENTRY--PERSONAL NAME |
| Personal name |
María , José, star. |
| 700 ## - ADDED ENTRY--PERSONAL NAME |
| Personal name |
Vázquez, Berta, star. |
| 700 ## - ADDED ENTRY--PERSONAL NAME |
| Personal name |
del Río, YazpikIria, star. |
| 700 ## - ADDED ENTRY--PERSONAL NAME |
| Personal name |
de la Madrid, Luis, editor. |
| 700 ## - ADDED ENTRY--PERSONAL NAME |
| Personal name |
Félix, Elías M., cinematographer. |
| 942 ## - ADDED ENTRY ELEMENTS (KOHA) |
| Source of classification or shelving scheme |
|
| Item type |
Books |